00313nam a22000977a 4500082001200000100001600012245008500028260004200113650002400155700003600179 a200 THE aAFZA KAZMI  aTH-SOF-1262-Model Driven Architecture for Decentralized Software Defined VANET's aIslamabadbNUST College of EMEc2016  a MS-CSE-13 MSTHESIS aSupervisor Dr. Muazzam A.Khan